Classic Sonic Stages - Statistiken

Allgemein
  • Dieses Quiz wurde 31 mal gespielt
  • Das Durchschnittsergebnis liegt bei 13 aus 20
Antwortstatistiken
Bildquiz Hint Antwort % Korrekt
Sonic the Hedgehog Green Hill
100%
Sonic the Hedgehog Star Light
100%
Sonic 3 & Knuckles Death Egg
89%
Sonic the Hedgehog 3 Angel Island
86%
Sonic the Hedgehog 2 Chemical Plant
85%
Sonic the Hedgehog Marble
85%
Sonic the Hedgehog 2 Death Egg
83%
Sonic the Hedgehog 3 Ice Cap
79%
Sonic the Hedgehog 2 Oil Ocean
75%
Sonic the Hedgehog Final Zone
73%
Sonic the Hedgehog Labyrinth
73%
Sonic the Hedgehog 2 Metropolis
70%
Sonic 3 & Knuckles Sky Sanctuary
69%
Sonic the Hedgehog 2 Casino Night
67%
Sonic the Hedgehog 3 Hydrocity
67%
Sonic the Hedgehog 3 Marble Garden
67%
Sonic 3 & Knuckles Mushroom Hill
67%
Sonic 3 & Knuckles Flying Battery
64%
Sonic 3 & Knuckles Lava Reef
63%
Sonic the Hedgehog 2 Emerald Hill
62%
Sonic 3 & Knuckles Hidden Palace
62%
Sonic the Hedgehog 2 Mystic Cave
58%
Sonic the Hedgehog 2 Hill Top
55%
Sonic the Hedgehog 2 Sky Chase
55%
Sonic the Hedgehog Spring Yard
54%
Sonic 3 & Knuckles Sandopolis
50%
Sonic the Hedgehog 2 Aquatic Ruins
44%
Sonic the Hedgehog 3 Launch Base
43%
Sonic the Hedgehog Scrap Brain
38%
Sonic the Hedgehog 3 Carneval Night
25%
Sonic 3 & Knuckles Doomsday
14%
Sonic the Hedgehog 2 Wing Fortress
13%
Keine übereinstimmenden Quizze gefunden
Verteilung der Resultate
Anzahl Personen mit jedem Resultat
Perzentil nach korrekt beantworteten Fragen
Ihre Resultats-Entwicklung
Sie haben dieses Quiz noch nicht gespielt